| 000 | 00917nam a2200265 a 4500 | ||
|---|---|---|---|
| 001 | 1365 | ||
| 003 | BR-CuiBMT | ||
| 005 | 20231210031024.0 | ||
| 008 | 231201s2008 dfb 000 0 por d | ||
| 020 | _a8586611190 | ||
| 040 |
_aBR-CuiBMT _cBR-CuiBMT |
||
| 080 |
_a342.8 _22007 |
||
| 090 |
_a342.8 _bB823a |
||
| 110 | 1 |
_aBrasil. _bTribunal Superior Eleitoral. |
|
| 245 | 1 | 0 |
_aApuração de votos e eleições extraordinárias / _cTribunal Superior Eleitoral. |
| 260 |
_aBrasília : _bTSE, Secretaria de Gestão da Informação, _c2008. |
||
| 300 |
_a194 p. ; _c21 cm |
||
| 490 | 1 |
_aJurisprudência do TSE. Temas selecionados ; _vv. 8 |
|
| 500 | _a"Atualização até julho de 2007". | ||
| 504 | _aInclui bibliografia. | ||
| 650 |
_aEleições _xJurisprudência _zBrasil |
||
| 650 |
_aTribunal Superior Eleitoral _xDireito eleitoral |
||
| 830 | 0 |
_aJurisprudência do TSE. _pTemas selecionados _v8 |
|
| 942 |
_2udc _cLV |
||
| 999 |
_c1365 _d1365 |
||